Redes, territorios y gobierno : nuevas respuestas locales a los retos de la globalización / Joan Subirats, coordinador nuevas respuestas locales a los retos de la globalización / Joan Subirats, coordinador
MARC
| LEADER | 00000nam a2200000Ia 4500 | ||
|---|---|---|---|
| 001 | 13652 | ||
| 008 | 160829s2002 xx 000 0 cat d | ||
| 020 | |a 84-7794-852-6 | ||
| 080 | |a M-4-18 | ||
| 245 | |a Redes, territorios y gobierno : |b nuevas respuestas locales a los retos de la globalización / Joan Subirats, coordinador | ||
| 260 | |a [Barcelona] : |b Diputació de Barcelona, Xarxa de Municipis, |c 2002 | ||
| 300 | |a 415 p., taules, mapes ; |c 24 cm | ||
| 490 | |a Territorio y gobierno : visiones ; 1 | ||
| 590 | |a Text resultat del seminari: 'El territorio en la sociedad de las redes. Dinámicas territoriales y organización territorial', celebrat el 2 i 3 d'octubre de 2000 en el marc dels cursos de la Universitat Internacional Menéndez Pelayo de Barcelona. | ||
| 590 | |a Bibliografia | ||
| 650 | 0 | |a Ordenació del territori |9 33807 | |
| 650 | |a Administració local |x Govern i administració |9 34540 | ||
| 650 | 0 | |a Política urbana |9 49061 | |
| 650 | |a Globalització |9 34541 | ||
| 700 | |a Subirats, Joan |q (Subirats i Humet), |d 1951- |e editor literari |9 148 | ||
| 710 | 1 | |a Barcelona (Catalunya : Província). |b Diputació |9 52408 | |
| 901 | |a Arxiu | ||
| 942 | |n 1 |2 udc | ||
| 952 | |0 0 |1 0 |4 0 |6 M418 |7 1 |9 46556 |a Arxiu |b Arxiu |d 2016-12-01 |l 0 |o M-4-18 |p 13652 |r 2016-12-01 00:00:00 |w 2016-12-01 |y ARXIU | ||
| 952 | |0 0 |1 0 |4 0 |6 PDL |7 1 |9 63758 |a Arxiu |b Arxiu |d 2022-09-05 |l 0 |o PDL |p 26680 |r 2022-09-05 00:00:00 |w 2022-09-05 |y ARXIU | ||
| 999 | |c 50349 |d 50349 | ||